Carregant...
Cosmicomic
| Autor principal: | |
|---|---|
| Format: | Printed Book |
| Idioma: | English |
| Publicat: |
London :
Pan Books ,
c1993 .
|
| LEADER | 00413nam a22001097a 4500 | ||
|---|---|---|---|
| 008 | 180119b xxu||||| |||| 00| 0 eng d | ||
| 100 | |a Calvino, Italo | ||
| 245 | |a Cosmicomic | ||
| 260 | |a London : |b Pan Books , |c c1993 . | ||
| 942 | |c BK | ||
| 999 | |c 201217 |d 201217 | ||
| 952 | |0 0 |1 0 |4 0 |6 853_914000000000000_CAL_C |7 0 |9 222710 |a ENG |b ENG |c ST1 |d 2018-01-19 |i 14686 |l 2 |m 1 |o 853.914 CAL/C |p ENG14686 |q 2018-03-01 |r 2018-09-03 |s 2018-09-03 |w 2018-08-21 |y BK | ||